| 000 | 00533nam a2200169 i 4500 | ||
|---|---|---|---|
| 001 | 86954 | ||
| 003 | ES-MaACL | ||
| 005 | 20230906175547.0 | ||
| 007 | t| | ||
| 008 | 041217s1973 sp ||||1| spa d | ||
| 100 | 1 |
_aKonijn, Seef. _968554 |
|
| 245 | 1 | 0 |
_aViejas y nuevas fronteras de la fe _b: contrastes y perspectivas / _cSeef Konijn ; [tradujo, Jesús Mauleón]. |
| 260 |
_aEstella (Navarra) : _bVerbo Divino, _c1973. |
||
| 300 |
_a202 p. ; _c19 cm. |
||
| 700 | 1 |
_aMauleón, Jesús. _979201 |
|
| 852 |
_aES-MaACL _jC-54526 _bR.87421 |
||
| 999 |
_c86954 _d86954 |
||